[Event "PRO League Central 2017"]
[Site "chess.com INT"]
[Date "2017.01.11"]
[Round "1"]
[White "Perez, Flavio"]
[Black "Pruijssers, Roeland"]
[Result "1-0"]
[BlackTitle "GM"]
[WhiteElo "2304"]
[BlackElo "2502"]
[WhiteTeam "Cannes Blockbusters"]
[BlackTeam "Apeldoorn Apes"]
[WhiteFideId "623911"]
[BlackFideId "1013068"]
[EventDate "2017.01.11"]

1. e4 e5 2. Nf3 Nc6 3. Bc4 Bc5 4. c3 Nf6 5. d3 d6 6. a4 a5 7. O-O h6 8. Na3 O-O
9. h3 Be6 10. Qe2 Bxa3 11. Rxa3 Bxc4 12. dxc4 Nd7 13. Be3 b6 14. Raa1 Qe8 15.
Nh4 Qe6 16. Nf5 Ne7 17. g4 Ng6 18. Kh2 Nc5 19. f3 Nf4 20. Bxf4 exf4 21. Rfd1 g6
22. Nd4 Qf6 23. Qf2 Kg7 24. Nb5 Rac8 25. Qd4 Ne6 26. Qxf6+ Kxf6 27. h4 h5 28.
g5+ Ke7 29. Nd4 f6 30. Nxe6 Kxe6 31. Rd5 c6 32. Rd2 fxg5 33. hxg5 Rfd8 34. Rad1
Rd7 35. Kh3 Rb8 36. Rd4 Rbb7 37. Kh4 b5 38. e5 bxa4 39. exd6 Rxb2 40. Rxf4 Rh2+
41. Kg3 Re2 42. Rf6+ Ke5 43. Rf8 h4+ 44. Kh3 Re3 45. Kg4 h3 46. f4+ Ke6 47. Rf6# 1-0

[Event "PRO League Central 2017"]
[Site "chess.com INT"]
[Date "2017.01.11"]
[Round "1"]
[White "Perez, Flavio"]
[Black "Warmerdam, Max"]
[Result "1-0"]
[BlackTitle "FM"]
[WhiteElo "2304"]
[BlackElo "2350"]
[WhiteTeam "Cannes Blockbusters"]
[BlackTeam "Apeldoorn Apes"]
[WhiteFideId "623911"]
[BlackFideId "1048104"]
[EventDate "2017.01.11"]

1. e4 e5 2. Nf3 Nc6 3. Bc4 Nf6 4. d3 h6 5. c3 d6 6. Nbd2 a6 7. Bb3 Bd7 8. Nf1 g6
9. Ne3 Bg7 10. O-O O-O 11. a4 Qe7 12. h3 Rad8 13. Re1 Bc8 14. a5 Be6 15. Nd5
Bxd5 16. exd5 Nb8 17. Be3 Nbd7 18. Qc1 Kh7 19. Ra4 Nh5 20. Rc4 Rc8 21. Rb4 Rb8
22. Ba7 Ra8 23. Rxb7 Rxa7 24. Rxa7 Nc5 25. Bc4 Qd8 26. b4 Qb8 27. Rxa6 Nxa6 28.
Bxa6 Qa8 29. Bc4 Nf4 30. a6 Nxd5 31. b5 Nf4 32. h4 Qc8 33. Qe3 d5 34. Bb3 Qd7
35. c4 d4 36. Qe4 Re8 37. Nxd4 f5 38. Qc6 Qxd4 39. Qxe8 Nxd3 40. Rf1 Nf4 41. Bd1
e4 42. h5 gxh5 43. Bxh5 Qf6 44. a7 Qg5 45. Bg6+ Nxg6 46. a8=Q h5 47. Qg8+ Kh6
48. Qad8 Qg4 49. Qd7 1-0

[Event "PRO League Central 2017"]
[Site "chess.com INT"]
[Date "2017.01.11"]
[Round "1"]
[White "Kleijn, Christov"]
[Black "Blomqvist, Erik"]
[Result "1/2-1/2"]
[WhiteTitle "IM"]
[BlackTitle "GM"]
[WhiteElo "2437"]
[BlackElo "2574"]
[WhiteTeam "Amsterdam Mosquitos"]
[BlackTeam "Stockholm Snowballs"]
[WhiteFideId "1013564"]
[BlackFideId "1709437"]
[EventDate "2017.01.11"]

1. e4 c5 2. Nf3 Nc6 3. Nc3 g6 4. Bb5 Bg7 5. Bxc6 bxc6 6. d3 d6 7. h3 e5 8. g4
Nf6 9. Bg5 h5 10. gxh5 Rxh5 11. h4 Bg4 12. Qe2 Rb8 13. b3 Qa5 14. Bd2 Qc7 15.
Nd1 d5 16. Ne3 Be6 17. Ng5 Qe7 18. Nf1 Rh8 19. exd5 Nxd5 20. c4 e4 21. cxd5 exd3
22. Qe3 Bxd5 23. O-O-O Bxh1 24. Re1 Qxe3 25. Nxe3 Kd7 26. Rxh1 f5 27. Nc4 Rbe8
28. Rh3 Bd4 29. Nf3 Bxf2 30. Nfe5+ Kc7 31. Rxd3 Rxh4 32. Rd7+ Kb8 33. Nxc6+ Kc8
34. Rxa7 Rxc4+ 35. bxc4 Re4 36. Rg7 Rxc4+ 37. Kb1 Rg4 38. Rxg6 Kc7 39. Ne5 Re4
40. Nd3 Bd4 41. Bf4+ Kd7 42. Rd6+ Ke7 43. Rc6 Kd7 44. Rc7+ Ke6 45. a4 Kd5 46.
Bd2 Kc4 47. Nb2+ Bxb2 48. Kxb2 Kd3 49. Rd7+ Rd4 50. Rxd4+ Kxd4 51. a5 Kd5 52. a6
Kc6 53. Ba5 f4 54. Kc2 f3 55. Be1 Kb6 1/2-1/2

[Event "PRO League Central 2017"]
[Site "chess.com INT"]
[Date "2017.01.11"]
[Round "1"]
[White "Kleijn, Christov"]
[Black "Agrest, Evgenij"]
[Result "1/2-1/2"]
[WhiteTitle "IM"]
[BlackTitle "GM"]
[WhiteElo "2437"]
[BlackElo "2593"]
[WhiteTeam "Amsterdam Mosquitos"]
[BlackTeam "Stockholm Snowballs"]
[WhiteFideId "1013564"]
[BlackFideId "1705024"]
[EventDate "2017.01.11"]

1. e4 c6 2. d4 d5 3. Nc3 dxe4 4. Nxe4 Bf5 5. Ng3 Bg6 6. h4 h6 7. Nf3 Nd7 8. Bd3
Bxd3 9. Qxd3 e6 10. Bd2 Ngf6 11. O-O-O Be7 12. Kb1 Qb6 13. Ne4 O-O-O 14. Nxf6
Bxf6 15. Be3 Kb8 16. Qa3 Ka8 17. Ne5 Bxe5 18. dxe5 c5 19. Rd6 Qc7 20. f4 b6 21.
Rhd1 Nb8 22. Bxc5 Rxd6 23. Bxd6 Qc6 24. Bxb8 Kxb8 25. Qe7 Rc8 26. Rc1 Qc7 27.
Qxc7+ Rxc7 28. Rd1 Rc4 29. g3 Re4 30. Kc1 Re3 31. Rd3 Re1+ 32. Kd2 Rg1 33. Rd8+
Kc7 34. Rf8 Rxg3 35. Rxf7+ Kc6 36. h5 a5 37. c4 Kc5 38. Rc7+ Kd4 39. Rc6 Rg2+
40. Kc1 Kd3 41. Rd6+ Kxc4 42. Rxe6 b5 43. Rc6+ Kd3 44. Rd6+ Ke4 45. e6 Kf5 46.
Rd5+ Kxe6 47. Rxb5 a4 48. Ra5 Rh2 49. Rxa4 Rxh5 50. Re4+ Kd6 51. a4 Rh1+ 52. Kd2
h5 53. Re5 h4 54. Rh5 h3 55. a5 h2 56. Kc2 g6 57. Rh6 Kc5 58. a6 Kd4 59. a7 Ra1
60. Rxh2 Rxa7 61. Rh8 Rf7 62. Rh4 Rf5 63. Rg4 Kc4 64. b3+ Kd4 65. Kb2 Ke4 66.
Rxg6 Rxf4 67. Rd6 Ke5 68. Rd2 Rf8 69. Rd3 Ke4 70. Rd7 Ke5 71. Ka3 Ra8+ 72. Kb4
Rb8+ 73. Kc4 Rc8+ 74. Kb4 Rb8+ 75. Kc4 Rc8+ 76. Kd3 Rb8 77. Kc3 Rc8+ 78. Kb2 Rb8
79. Rd1 Ke6 80. Rd4 Ke5 81. Rd3 Ke6 82. Ka3 Ra8+ 83. Kb4 Rb8+ 84. Ka5 Ra8+ 85.
Kb5 Rb8+ 86. Kc6 Ke5 87. Rd5+ Ke6 88. Rb5 Rc8+ 89. Kb7 Rc3 90. b4 Rb3 91. Kc6
Rb1 92. Rb8 Rc1+ 93. Kb6 Kd7 94. b5 Rb1 95. Rh8 Rb2 96. Rh7+ Kc8 97. Rh8+ Kd7
98. Ka6 Kc7 99. Rh7+ Kb8 100. Kb6 Kc8 101. Rh8+ Kd7 102. Rh3 Kc8 103. Rc3+ Kb8
104. Rc6 Rh2 105. Rg6 Rh8 106. Rc6 Rf8 107. Rd6 Rg8 108. Rc6 1/2-1/2

[Event "PRO League Central 2017"]
[Site "chess.com INT"]
[Date "2017.01.11"]
[Round "1"]
[White "Adu, Oladapo"]
[Black "Adair, James R"]
[Result "0-1"]
[WhiteTitle "IM"]
[BlackTitle "IM"]
[WhiteElo "2288"]
[BlackElo "2480"]
[WhiteTeam "Abuja RockStars"]
[BlackTeam "London Lions"]
[WhiteFideId "8500258"]
[BlackFideId "406252"]
[EventDate "2017.01.11"]

1. e4 c5 2. Nf3 d6 3. d3 Nf6 4. g3 g6 5. Bg2 Nc6 6. O-O Bg7 7. Nbd2 O-O 8. Re1
e5 9. a3 b5 10. a4 b4 11. Nc4 Be6 12. b3 h6 13. Be3 Qd7 14. Qd2 Kh7 15. Rad1 Ng4
16. h3 Nxe3 17. Qxe3 Rad8 18. g4 Ne7 19. Nh4 Bf6 20. Nf3 Bg7 21. Nh4 Nc6 22. Nf3
f5 23. exf5 gxf5 24. gxf5 Rxf5 25. Nh4 Rg5 26. Nf3 Rf5 27. Nh4 Rf4 28. Qg3 Nd4
29. Ne3 Qf7 30. Be4+ Rxe4 31. dxe4 Bf6 32. Rxd4 cxd4 33. Ng4 Rg8 34. Ng2 h5 35.
Nxf6+ Qxf6 36. Qd3 Qg5 37. Qf3 Kh6 38. Rd1 Rg7 39. Rd3 Rf7 40. Qg3 Qc1+ 41. Kh2
Qxc2 42. Rf3 Qxe4 43. Rxf7 Bxf7 44. f3 Qg6 45. Qf2 Bxb3 46. Qd2+ Kh7 47. Qxb4
Bd5 48. Qa3 Qf5 49. Qxd6 Bxf3 50. Qe7+ Kh6 51. Qd6+ Qg6 52. Qxg6+ Kxg6 53. Nh4+
Kg5 54. Nxf3+ Kf4 55. Kg2 d3 56. Kf2 e4 57. Nd4 e3+ 58. Ke1 h4 59. a5 a6 60. Kd1
Ke4 61. Nc6 Kf3 62. Nd4+ Kf2 63. Nb3 e2+ 64. Kd2 e1=Q+ 65. Kxd3 Qe3+ 66. Kc4
Qxh3 67. Nd4 Qg4 68. Kd5 h3 0-1

[Event "PRO League Central 2017"]
[Site "chess.com INT"]
[Date "2017.01.11"]
[Round "1"]
[White "Lapite, Oluwadurotimi"]
[Black "Astaneh Lopez, Alex"]
[Result "0-1"]
[BlackTitle "IM"]
[WhiteElo "2067"]
[BlackElo "2417"]
[WhiteTeam "Lagos Leatherbacks"]
[BlackTeam "Dublin Desperados"]
[WhiteFideId "8503648"]
[BlackFideId "2501430"]
[EventDate "2017.01.11"]

1. e4 c6 2. d4 d5 3. exd5 cxd5 4. c4 Nf6 5. Nc3 g6 6. Nf3 Bg7 7. Bg5 Ne4 8. cxd5
Nxg5 9. Nxg5 e6 10. h4 h6 11. Bb5+ Kf8 12. Nxf7 Kxf7 13. dxe6+ Bxe6 14. Qf3+ Kg8
15. Qxb7 Nd7 16. h5 gxh5 17. Qe4 Nf8 18. O-O-O Bf7 19. Rh3 Rb8 20. Rf3 Rxb5 21.
Nxb5 Qg5+ 22. Qf4 Bd5 23. Qxg5 hxg5 24. Ra3 h4 25. f3 g4 26. fxg4 Bxg2 27. Nd6
h3 28. Nf5 h2 29. Rxa7 Bf6 30. Ng3 Rh3 31. Nh1 Bf3 32. Rf1 Bxd4 33. Ra3 Bxg4 34.
Ra8 Rf3 0-1

[Event "PRO League Central 2017"]
[Site "chess.com INT"]
[Date "2017.01.11"]
[Round "1"]
[White "Lapite, Oluwadurotimi"]
[Black "Jessel, Stephen"]
[Result "0-1"]
[BlackTitle "FM"]
[WhiteElo "2067"]
[BlackElo "2382"]
[WhiteTeam "Lagos Leatherbacks"]
[BlackTeam "Dublin Desperados"]
[WhiteFideId "8503648"]
[BlackFideId "628859"]
[EventDate "2017.01.11"]

1. e4 e6 2. d4 d5 3. e5 c5 4. c3 Nc6 5. Nf3 Qb6 6. Be2 Nh6 7. b3 cxd4 8. Bxh6
gxh6 9. cxd4 Bb4+ 10. Kf1 O-O 11. h4 f6 12. Rh3 fxe5 13. Rg3+ Kh8 14. Qc1 Nxd4
15. Bd3 Nf5 16. Bxf5 Rxf5 17. Qxh6 Bf8 18. Qd2 Bg7 19. Nc3 Bd7 20. Rc1 Raf8 21.
Kg1 e4 22. Ng5 Rxf2 0-1

[Event "PRO League Central 2017"]
[Site "chess.com INT"]
[Date "2017.01.11"]
[Round "1"]
[White "Klein, David"]
[Black "Meier, Georg"]
[Result "1/2-1/2"]
[WhiteTitle "GM"]
[BlackTitle "GM"]
[WhiteElo "2509"]
[BlackElo "2630"]
[WhiteTeam "Amsterdam Mosquitos"]
[BlackTeam "Stockholm Snowballs"]
[WhiteFideId "1003623"]
[BlackFideId "4675789"]
[EventDate "2017.01.11"]

1. e4 e6 2. d4 d5 3. Nd2 dxe4 4. Nxe4 Nd7 5. Nf3 Ngf6 6. Nxf6+ Nxf6 7. Bd3 c5 8.
O-O cxd4 9. Nxd4 Bc5 10. Nb3 Bd6 11. Bg5 Bd7 12. Nd4 h6 13. Bh4 Qc7 14. Bg3 Bxg3
15. hxg3 O-O 16. c3 Rad8 17. Qe2 e5 18. Nb5 Bxb5 19. Bxb5 e4 20. Rad1 b6 21. Ba4
g6 22. Qe3 Kg7 23. Bb3 Rfe8 24. Rxd8 Rxd8 25. Rd1 Re8 26. Qf4 Re5 27. Rd7 Qxd7
28. Qxe5 Qd2 29. f3 exf3 30. gxf3 Qc1+ 31. Kg2 Qxb2+ 32. Kh3 Qc1 33. g4 Qh1+ 34.
Kg3 Qg1+ 35. Kh3 Qf2 36. Bd5 b5 37. f4 g5 38. fxg5 hxg5 39. Qxg5+ Kf8 40. Bg2
Qb6 41. Qf4 Ne8 42. Bd5 Qc7 43. Qxc7 Nxc7 44. Bb3 f6 45. Kg3 Ke7 46. Kf4 a5 47.
a3 Ne6+ 48. Kf5 Nc5 49. Bc2 Nb7 50. Bb3 Nc5 51. Bc2 Nb7 52. Bb3 Nd6+ 53. Kf4 Kd7
54. Ke3 Nc8 55. Kd4 Kd6 56. c4 bxc4 57. Bxc4 Ne7 58. Be2 Kc6 59. a4 Kd6 60. Kc4
Nc6 61. Bd1 Na7 62. Bf3 Ke5 63. Kc5 Kf4 64. Bd1 f5 65. gxf5 Kxf5 66. Kb6 Nc8+
67. Kxa5 Ke5 68. Bg4 Nd6 69. Kb6 Kd4 70. Be6 Ke5 71. Bb3 Kd4 72. a5 Nc8+ 73. Kb7
Kc5 74. a6 Nd6+ 75. Kc7 Nb5+ 76. Kb8 Kb6 77. Bc4 Kxa6 78. Bxb5+ 1/2-1/2

[Event "PRO League Central 2017"]
[Site "chess.com INT"]
[Date "2017.01.11"]
[Round "1"]
[White "Daulyte, Deimante"]
[Black "Beerdsen, Thomas"]
[Result "1-0"]
[WhiteTitle "IM"]
[BlackTitle "FM"]
[WhiteElo "2447"]
[BlackElo "2413"]
[WhiteTeam "Cannes Blockbusters"]
[BlackTeam "Apeldoorn Apes"]
[WhiteFideId "12802859"]
[BlackFideId "1030108"]
[EventDate "2017.01.11"]

1. e4 e5 2. Nf3 Nc6 3. Bc4 Nf6 4. d3 h6 5. O-O d6 6. c3 g5 7. d4 g4 8. Ne1 Bg7
9. f4 exd4 10. cxd4 Nxe4 11. d5 Bd4+ 12. Kh1 Bb6 13. Qe2 Qe7 14. dxc6 h5 15. Nc3
Ng3+ 16. hxg3 h4 17. Qxe7+ Kxe7 18. Kh2 hxg3+ 19. Kxg3 bxc6 20. f5 d5 21. Bd3
Kf6 22. Nc2 Bc5 23. Be3 Bd6+ 24. Bf4 Rb8 25. Bxd6 cxd6 26. b3 Kg5 27. Ne3 d4 28.
Ne4+ Kh6 29. Nxg4+ 1-0

[Event "PRO League Central 2017"]
[Site "chess.com INT"]
[Date "2017.01.11"]
[Round "1"]
[White "Daulyte, Deimante"]
[Black "Kevlishvili, Robby"]
[Result "1/2-1/2"]
[WhiteTitle "IM"]
[BlackTitle "IM"]
[WhiteElo "2447"]
[BlackElo "2417"]
[WhiteTeam "Cannes Blockbusters"]
[BlackTeam "Apeldoorn Apes"]
[WhiteFideId "12802859"]
[BlackFideId "1040634"]
[EventDate "2017.01.11"]

1. e4 c5 2. Nf3 d6 3. Bb5+ Nc6 4. O-O Bd7 5. Re1 Nf6 6. c3 a6 7. Bc4 Bg4 8. d4
cxd4 9. cxd4 Bxf3 10. gxf3 e5 11. Be3 exd4 12. Bxd4 g6 13. Nc3 Bg7 14. Be3 O-O
15. Rc1 Rc8 16. Bf1 Ne5 17. b3 b5 18. Bg2 Nc6 19. Qd2 Ne7 20. Red1 d5 21. Nxd5
Nexd5 22. exd5 Qd7 23. f4 Rfd8 24. Rc6 Qg4 25. Rxc8 Qxc8 26. Rc1 Qg4 27. h3 Qf5
28. d6 Bf8 29. Rc6 Ne4 30. Bxe4 Qxe4 31. Rxa6 Qe6 32. Bc5 Qxh3 33. Ra7 Qg4+ 34.
Kf1 Qe6 35. Qe3 Qd5 36. Qe5 Qh1+ 37. Ke2 Qc6 38. Bd4 Qc2+ 39. Kf3 Qd1+ 40. Kg2
Qg4+ 41. Kf1 Qd1+ 42. Kg2 Qg4+ 43. Kf1 Qd1+ 44. Kg2 Qg4+ 45. Kf1 Qd1+ 46. Kg2 1/2-1/2

[Event "PRO League Central 2017"]
[Site "chess.com INT"]
[Date "2017.01.11"]
[Round "1"]
[White "Colpe, Malte"]
[Black "Gunnarsson, Jon Viktor"]
[Result "0-1"]
[BlackTitle "IM"]
[WhiteElo "2413"]
[BlackElo "2450"]
[WhiteTeam "Hamburg Swashbucklers"]
[BlackTeam "Reykjavik Puffins"]
[WhiteFideId "24623075"]
[BlackFideId "2300931"]
[EventDate "2017.01.11"]

1. d4 e6 2. c4 b6 3. Nc3 Bb7 4. e4 Bb4 5. Bd3 f5 6. exf5 Bxg2 7. Qh5+ Kf8 8. Ne2
Nf6 9. Qh4 Bxh1 10. Nf4 exf5 11. Ng6+ Kg8 12. Nxh8 Kxh8 13. Bg5 Be4 14. O-O-O
Bxc3 15. bxc3 Nc6 16. Be2 Qe7 17. f3 Qa3+ 18. Kd2 Qb2+ 19. Ke1 Qxc3+ 20. Kf2 Rf8
21. Bxf6 Rxf6 22. fxe4 fxe4+ 23. Kg2 Qc2 24. Qe1 e3 25. Rd3 Rf2+ 26. Kg3 Qxe2
27. Rxe3 Rg2+ 28. Kh3 Qg4# 0-1

[Event "PRO League Central 2017"]
[Site "chess.com INT"]
[Date "2017.01.11"]
[Round "1"]
[White "Blomqvist, Erik"]
[Black "Klein, David"]
[Result "0-1"]
[WhiteTitle "GM"]
[BlackTitle "GM"]
[WhiteElo "2574"]
[BlackElo "2509"]
[WhiteTeam "Stockholm Snowballs"]
[BlackTeam "Amsterdam Mosquitos"]
[WhiteFideId "1709437"]
[BlackFideId "1003623"]
[EventDate "2017.01.11"]

1. Nf3 f5 2. d4 Nf6 3. Bg5 e6 4. e3 Be7 5. Nbd2 O-O 6. Be2 b6 7. O-O Bb7 8. c4
c5 9. Qb3 Ne4 10. Bxe7 Qxe7 11. Rad1 d6 12. Nxe4 fxe4 13. Nd2 cxd4 14. exd4 d5
15. f3 Nc6 16. Qe3 Qf6 17. Nb1 Qh4 18. Nc3 Ne7 19. cxd5 exd5 20. fxe4 dxe4 21.
d5 Nf5 22. Qxe4 Qxe4 23. Nxe4 Ne3 24. Rxf8+ Rxf8 25. Rc1 Bxd5 26. Bf3 h6 27. a3
g5 28. h3 Rf4 29. Nd2 Bxf3 30. Nxf3 Nc4 31. Rc2 b5 32. Kf2 Kg7 33. g3 Rf7 34.
Ke2 Re7+ 35. Kf2 Rf7 36. Ke2 Re7+ 37. Kf2 Rf7 38. Ke2 Rd7 39. a4 a6 40. axb5
axb5 41. b3 Re7+ 42. Kf2 Ne5 43. Nd4 Nd3+ 44. Kf1 Re1+ 45. Kg2 b4 46. Rd2 Nc5
47. g4 Rb1 48. Nf5+ Kf6 49. Rd5 Rb2+ 50. Kf3 Rxb3+ 51. Ne3 Ne6 52. Rb5 Nd4+ 0-1

[Event "PRO League Central 2017"]
[Site "chess.com INT"]
[Date "2017.01.11"]
[Round "1"]
[White "Blomqvist, Erik"]
[Black "Dek, Lennart"]
[Result "1-0"]
[WhiteTitle "GM"]
[WhiteElo "2574"]
[BlackElo "2288"]
[WhiteTeam "Stockholm Snowballs"]
[BlackTeam "Amsterdam Mosquitos"]
[WhiteFideId "1709437"]
[BlackFideId "1013114"]
[EventDate "2017.01.11"]

1. Nf3 d5 2. d4 Nf6 3. c4 c6 4. e3 a6 5. Nc3 b5 6. b3 Bg4 7. a4 b4 8. Ne2 Bxf3
9. gxf3 e6 10. Ng3 Be7 11. e4 O-O 12. e5 Ne8 13. f4 f5 14. h4 Nc7 15. h5 Kh8 16.
Be3 Nd7 17. a5 c5 18. Bg2 Rb8 19. cxd5 Nxd5 20. Bxd5 exd5 21. Qd3 Rb5 22. e6 Nf6
23. dxc5 d4 24. Qxd4 Qc8 25. Qc4 Ng4 26. Bd4 Bf6 27. e7 Re8 28. Bxf6 Nxf6 29. h6
Rxe7+ 30. Kf1 Rxc5 31. hxg7+ Kxg7 32. Qxb4 Rc1+ 33. Rxc1 Qxc1+ 34. Kg2 Qc6+ 35.
Kh3 Ng4 36. Qxe7+ 1-0

[Event "PRO League Central 2017"]
[Site "chess.com INT"]
[Date "2017.01.11"]
[Round "1"]
[White "Agrest, Evgenij"]
[Black "Klein, David"]
[Result "0-1"]
[WhiteTitle "GM"]
[BlackTitle "GM"]
[WhiteElo "2593"]
[BlackElo "2509"]
[WhiteTeam "Stockholm Snowballs"]
[BlackTeam "Amsterdam Mosquitos"]
[WhiteFideId "1705024"]
[BlackFideId "1003623"]
[EventDate "2017.01.11"]

1. d4 f5 2. Nc3 Nf6 3. Bg5 d5 4. e3 e6 5. Nf3 a6 6. Bd3 c5 7. O-O Nc6 8. a3 c4
9. Be2 Be7 10. b3 Ne4 11. Bxe7 Qxe7 12. Nxe4 fxe4 13. Ne5 Nxe5 14. dxe5 cxb3 15.
cxb3 O-O 16. Qd4 Bd7 17. Rfc1 Qf7 18. f4 exf3 19. Bxf3 Bc6 20. Kh1 Qg6 21. Bg4
Rf2 22. Rf1 Raf8 23. Rxf2 Rxf2 24. Bf3 h6 25. a4 Qc2 26. Qg4 Qf5 27. Qg3 Rb2 28.
Rg1 Rb1 29. h3 Rxb3 30. Bg4 Qg6 31. Qf4 Kh7 32. Bd1 Rb2 33. Qd4 Rf2 34. Bg4 Ra2
35. Bd1 Qe4 36. Qxe4+ dxe4 37. Bb3 Ra3 38. Rb1 Bxa4 39. Bxe6 Bc6 40. Bf7 g5 41.
e6 Kg7 42. Rd1 Kf6 43. Rd8 Rxe3 44. Rh8 Re1+ 45. Kh2 e3 46. Rxh6+ Ke7 47. Bh5 e2
48. Kg3 Rg1 0-1

[Event "PRO League Central 2017"]
[Site "chess.com INT"]
[Date "2017.01.11"]
[Round "1"]
[White "Agrest, Evgenij"]
[Black "Dek, Lennart"]
[Result "1-0"]
[WhiteTitle "GM"]
[WhiteElo "2593"]
[BlackElo "2288"]
[WhiteTeam "Stockholm Snowballs"]
[BlackTeam "Amsterdam Mosquitos"]
[WhiteFideId "1705024"]
[BlackFideId "1013114"]
[EventDate "2017.01.11"]

1. d4 d5 2. Bf4 Nf6 3. e3 c5 4. c3 Nc6 5. Nd2 Bg4 6. Qb3 Qb6 7. dxc5 Qxb3 8.
Nxb3 e5 9. Bg3 Rd8 10. h3 Bf5 11. Bb5 Nd7 12. O-O-O Be6 13. f4 exf4 14. exf4
Bxc5 15. Nxc5 Nxc5 16. Nf3 O-O 17. Bh4 Rc8 18. g4 a6 19. Bxc6 bxc6 20. Be7 Ne4
21. Bxf8 Kxf8 22. Rh2 f6 23. Re2 Bf7 24. Re3 Rb8 25. Nd4 Rb6 26. Nb3 Rb5 27. Rd4
c5 28. Ra4 c4 29. Nd4 Rb6 30. Rb4 Rxb4 31. cxb4 g6 32. Ra3 Nf2 33. Kd2 Nd3 34.
Kc3 Nxf4 35. Rxa6 h5 36. Rxf6 Nxh3 37. gxh5 gxh5 38. b5 Ng5 39. Kb4 Ne4 40. Rf4
Nd6 41. a4 Ke8 42. a5 Kd7 43. a6 Kc7 44. Rf6 Be8 45. b6+ Kd7 46. a7 1-0

[Event "PRO League Central 2017"]
[Site "chess.com INT"]
[Date "2017.01.11"]
[Round "1"]
[White "Libiszewski, Fabien"]
[Black "Pruijssers, Roeland"]
[Result "0-1"]
[WhiteTitle "GM"]
[BlackTitle "GM"]
[WhiteElo "2545"]
[BlackElo "2502"]
[WhiteTeam "Cannes Blockbusters"]
[BlackTeam "Apeldoorn Apes"]
[WhiteFideId "616834"]
[BlackFideId "1013068"]
[EventDate "2017.01.11"]

1. e4 e5 2. Nf3 Nc6 3. Nc3 Nf6 4. Bb5 Bb4 5. O-O O-O 6. d3 d6 7. Ne2 Ne7 8. Ng3
c6 9. Ba4 h6 10. c3 Ba5 11. d4 exd4 12. cxd4 d5 13. e5 Ne4 14. Bc2 Nxg3 15. fxg3
Bf5 16. Nh4 Bxc2 17. Qxc2 Qd7 18. Be3 Qe6 19. Nf5 f6 20. Nxe7+ Qxe7 21. Qg6 fxe5
22. Bxh6 exd4 23. Bg5 Qe4 24. Qd6 d3 25. h4 Qe2 26. Bf4 Rae8 27. Kh2 Qxb2 28.
Rab1 Qf6 29. Qa3 Bb6 30. Qxd3 Qe6 31. a4 Rf7 32. Qc3 d4 33. Qd2 Qd5 34. Bg5 Ref8
35. Rxf7 Rxf7 36. Re1 d3 37. Re8+ Rf8 38. Re7 Rf2 0-1

[Event "PRO League Central 2017"]
[Site "chess.com INT"]
[Date "2017.01.11"]
[Round "1"]
[White "Libiszewski, Fabien"]
[Black "Warmerdam, Max"]
[Result "0-1"]
[WhiteTitle "GM"]
[BlackTitle "FM"]
[WhiteElo "2545"]
[BlackElo "2350"]
[WhiteTeam "Cannes Blockbusters"]
[BlackTeam "Apeldoorn Apes"]
[WhiteFideId "616834"]
[BlackFideId "1048104"]
[EventDate "2017.01.11"]

1. d4 Nf6 2. Nf3 g6 3. e3 Bg7 4. Be2 O-O 5. O-O d6 6. c4 c6 7. Nc3 Nbd7 8. b4 a6
9. Bb2 b6 10. Qc2 Bb7 11. a4 Qb8 12. Rfd1 Rc8 13. Qb3 h6 14. Rab1 Rc7 15. Ba3
Qd8 16. c5 b5 17. axb5 axb5 18. d5 Nxd5 19. Nxd5 cxd5 20. Rdc1 dxc5 21. bxc5 Bc6
22. Nd4 Bxd4 23. exd4 e6 24. Rc3 Qf6 25. Bb2 Qxd4 26. Rh3 Qf4 27. Bc1 Qe4 28.
Rxh6 Qxe2 29. Bb2 e5 30. Qh3 Qxb2 31. Rh8+ Kg7 32. Rh7+ Kf8 33. Qh6+ Ke8 34. Re1
e4 35. Rg7 Qf6 36. g4 Ne5 0-1

[Event "PRO League Central 2017"]
[Site "chess.com INT"]
[Date "2017.01.11"]
[Round "1"]
[White "Fawole, John Oyeyemi"]
[Black "Haria, Ravi"]
[Result "1-0"]
[WhiteTitle "FM"]
[BlackTitle "FM"]
[WhiteElo "2186"]
[BlackElo "2382"]
[WhiteTeam "Abuja Rockstars"]
[BlackTeam "London Lions"]
[WhiteFideId "8501319"]
[BlackFideId "415820"]
[EventDate "2017.01.11"]

1. d4 e6 2. c4 d5 3. Nf3 Nf6 4. g3 Be7 5. Bg2 O-O 6. O-O dxc4 7. Qa4 a6 8. Qxc4
b5 9. Qc2 Bb7 10. Bf4 Nc6 11. Rd1 Nb4 12. Qc1 Nbd5 13. Bd2 Qc8 14. Nc3 c5 15.
Nxd5 Bxd5 16. dxc5 Bxc5 17. Be3 Bxe3 18. Qxe3 Qc2 19. Rd2 Qc7 20. Rdd1 Qc2 21.
Rd2 Qa4 22. Rd4 Qa5 23. Ne5 Rac8 24. a3 Rc2 25. Nd3 Qd2 26. Qxd2 Rxd2 27. Bxd5
Nxd5 28. Kf1 g6 29. Rc1 Rd8 30. Ke1 e5 31. Re4 Nf6 32. Rxe5 R2xd3 33. exd3 Rxd3
34. Ke2 Rd6 35. h3 Nd7 36. Re3 Nb6 37. Rd1 Rc6 38. Rd8+ Kg7 39. b3 Kf6 40. Red3
Ke7 41. R8d4 a5 42. Re3+ Kf6 43. Rf4+ Kg7 44. Re7 Re6+ 45. Rxe6 fxe6 46. Kd3 Nd5
47. Rf3 b4 48. axb4 axb4 49. Kd4 Nc3 50. Rxc3 1-0

[Event "PRO League Central 2017"]
[Site "chess.com INT"]
[Date "2017.01.11"]
[Round "1"]
[White "Fawole, John Oyeyemi"]
[Black "Adair, James R"]
[Result "0-1"]
[WhiteTitle "FM"]
[BlackTitle "IM"]
[WhiteElo "2186"]
[BlackElo "2480"]
[WhiteTeam "Abuja Rockstars"]
[BlackTeam "London Lions"]
[WhiteFideId "8501319"]
[BlackFideId "406252"]
[EventDate "2017.01.11"]

1. d4 Nf6 2. Nf3 e6 3. c4 d5 4. g3 Bb4+ 5. Bd2 Bd6 6. Nc3 c6 7. Bg2 O-O 8. O-O
dxc4 9. a4 Nbd7 10. Qc2 e5 11. dxe5 Nxe5 12. Nxe5 Bxe5 13. Be3 Qe7 14. a5 Be6
15. a6 Nd5 16. Bd2 b5 17. Nxd5 Bxd5 18. e4 Be6 19. f4 Bd4+ 20. Kh1 Rad8 21. f5
Bc8 22. e5 Bxe5 23. Bxc6 Qd6 24. Qe4 Bxb2 25. Rad1 Bxa6 26. Ba5 Qxd1 27. Rxd1
Rxd1+ 28. Kg2 c3 29. f6 Rd2+ 30. Kf3 Rd6 31. fxg7 Rc8 32. Bd5 c2 33. Bd2 Rcd8
34. Qxc2 Rxd5 35. Bf4 Bxg7 36. Qc6 Bc8 37. Bc7 Rd3+ 38. Kf4 R8d4+ 39. Kg5 Rd5+
40. Kh4 R3d4+ 41. Bf4 Be6 42. Qe8+ Bf8 43. Qb8 b4 44. g4 Rd8 45. Qe5 Bg7 46. Qc7
b3 47. h3 Rc8 48. Qxa7 Rxf4 49. Kg5 Rb4 50. Qa5 Rcb8 0-1